Online
Catalog

Ciudad del saber : (Record no. 44549)

MARC details
000 -CABECERA
campo de control de longitud fija 00443nam a2200145 a 4500
001 - NÚMERO DE CONTROL
campo de control 000045060
005 - FECHA Y HORA DE LA ÚLTIMA TRANSACCIÓN
campo de control 20201002045838.0
008 - DATOS DE LONGITUD FIJA--INFORMACIÓN GENERAL
campo de control de longitud fija 150130s1996 pn a 000 0 spa d
040 ## - FUENTE DE LA CATALOGACIÓN
Centro catalogador/agencia de origen DO-SdBNP
Lengua de catalogación spa
Centro/agencia transcriptor BNPHU
090 ## - LOCALMENTE ASIGNADO TIPO-LC NÚMERO DE CLASIFICACIÓN (OCLC); NÚMERO DE CLASIFICACIÓN LOCAL (RLIN)
Número de clasificación (OCLC) (R) ; Numero de clasificación, CALL (RLIN) (NR) xxxx
Número cutter local (OCLC) ; Número de libro/Signatura topográfica íntegra, CALL (RLIN) xxxx
245 00 - MENCIÓN DE TÍTULO
Título Ciudad del saber :
Resto del título una utopía posible /
Mención de responsabilidad, etc. presentación ; Federico Mayor.
260 ## - PUBLICACIÓN, DISTRIBUCIÓN, ETC.
Lugar de publicación, distribución, etc. Panamá :
Nombre del editor, distribuidor, etc. UNESCO,
Fecha de publicación, distribución, etc. 1996.
300 ## - DESCRIPCIÓN FÍSICA
Extensión 109 p. :
Otras características físicas il. ;
Dimensiones 23 cm.
700 12 - PUNTO DE ACCESO ADICIONAL--NOMBRE DE PERSONA
Nombre de persona Mayor, Federico
Término indicativo de función/relación prest.
9 (RLIN) 35869
Holdings
Estado de retiro Estado de pérdida Restricciones de uso No para préstamo Código de colección Localización permanente Ubicación/localización actual Ubicación en estantería Fecha de adquisición Número de inventario Total de préstamos Signatura topográfica completa Código de barras Fecha visto por última vez Precio válido a partir de Tipo de ítem Koha
      Excluido de préstamo Monografías: Libros y Folletos General General En catalogación 30.01.2015 LF1   45060-10 25.06.2020 25.06.2020 No se presta

Powered by Koha